La expresión tipográfica /

Cuaderno de trabajo para curso universitario de tipografía. El objetivo es que el alumno conozca el papel que desempeña la tipografía en el diseño gráfico, como elemento compositivo y como elemento comunicacional. Se hace una introducción a la historia de la escritura y de la tipografía, para su cor...

Täydet tiedot

Tallennettuna:
Bibliografiset tiedot
Päätekijä: Neve Ariza, Guadalupe (autor)
Muut tekijät: Lobo Vázquez, Elda (autor) (autor)
Aineistotyyppi: Kirja
Kieli:espanja
Sarja:(Talacha Académica ; 14)
Aiheet:
Tagit: Lisää tagi
Ei tageja, Lisää ensimmäinen tagi!

MARC

LEADER 00000nam^a2200000^a^4500
001 000141611
005 20250521000000.0
009 20260310095621.986
037 |a Acervo ITESO - Biblioteca 
041 |a ESP 
082 |a 686. 224  |b NEV 
100 |a Neve Ariza, Guadalupe  |e (autor) 
245 1 3 |a La expresión tipográfica /  |c G. Neve Ariza, E. Lobo Vázquez. 
264 |a Puebla, México :  |b Universidad Iberoamericana, Plantel Golfo-Centro,  |c fecha no identificada 
300 |a 37 p. 
336 |a texto  |b txt  |2 rdacontenido 
337 |a sin mediación  |b n  |2 rdamedio 
338 |a volumen  |b nc  |2 rdasoporte 
440 1 |a (Talacha Académica ;  |v 14) 
520 |a Cuaderno de trabajo para curso universitario de tipografía. El objetivo es que el alumno conozca el papel que desempeña la tipografía en el diseño gráfico, como elemento compositivo y como elemento comunicacional. Se hace una introducción a la historia de la escritura y de la tipografía, para su correcto uso en proyectos de diseño. Se ofrecen también los métodos y criterios necesarios para la proporción y diseño de letras. 
649 |a XX 
650 |a Percepción 
650 |a Tipografía 
650 |a Composición Tipográfica 
650 |a Diseño Tipográfico 
650 |a Diseño Editorial 
650 |a Diseño Gráfico 
650 |a Comunicación Visual 
700 |a Lobo Vázquez, Elda  |e (autor) 
910 |a Fondo General 
920 |a Impresos - Libros 
930 |a Colección General 
905 |a 101 
901 |a 0500070415  |b IT1  |c ACC  |u 20250521 
902 |a https://opac.biblio.iteso.mx/vufind/Record/000141611